Statistiche per Canada o Stati Uniti?

Clicka qui per fare il quiz!

Statistiche generali

  • Questo quiz è stato fatto 56 volte
    (55 dall'ultimo reset)
  • Il punteggio medio è 14 su 15

Statistiche sulle risposte

DomandaRisposta% Corretto
Quale dei due paesi ha tra le lingue ufficiali il francese?Canada
100%
In quale dei due stati si trova la città di Seattle?Stati Uniti d'America
100%
In quale dei due stati il 34% della popolazione natia è di origine francese?Canada
98%
Quale dei due paesi confina con la Danimarca?Canada
98%
In quale dei due stati si trova il Lago Michigan?Stati Uniti d'America
98%
Quale dei due paesi ha attraversato una Guerra Civile tra il 1861 ed il 1865?Stati Uniti d'America
98%
Quale dei due paesi ha per capitale Washington D.C.?Stati Uniti d'America
98%
Quale dei due paesi ha più abitanti?Stati Uniti d'America
98%
Quale dei due paesi fu raggiunto dai Vichingi intorno all'anno 1000?Canada
96%
Quale dei due paesi è una Monarchia parlamentale federale?Canada
96%
Quale dei due paesi ha un densità di popolazione maggiore?Stati Uniti d'America
96%
Quale dei due paesi ha ospitato le Olimpiadi invernali del 2010?Canada
84%
Quale dei due paesi è più esteso in superficie?Canada
82%
In quale dei due stati si trova la Provincia della Columbia Britannica?Canada
73%
In quale dei due stati si trova il Monte Denali, la vetta più elevata del Nord America?Stati Uniti d'America
60%

Distribuzione punteggi

Percentile per numero di risposta

Percentuale di utenti per punteggio

I tuoi punteggi nel tempo

Non hai fatto questo quiz dall'ultimo reset